Countries Emmerson Mnangagwa has visited - Statistics

General Stats
  • This quiz has been taken 34 times
    11 since last reset
  • The average score is 10 of 19
Answer Stats
Continent Country % Correct
Africa Angola
67%
Asia Azerbaijan
67%
Europe Belarus
67%
Africa Botswana
67%
Asia China
67%
Africa Democratic Republic of the Congo
67%
Africa Ethiopia
67%
Africa Mozambique
67%
Africa Namibia
67%
Asia/ Europe Russia
67%
Africa Rwanda
67%
Africa South Africa
67%
Africa Uganda
67%
Africa Zambia
67%
Africa Ivory Coast
33%
Asia United Arab Emirates
33%
Asia Kazakhstan
0%
Asia South Korea
0%
Europe Switzerland
0%
No matching quizzes found
Score Distribution
Percent of People with Each Score
Percentile by Number Answered
Your Score History
You have not taken this quiz since the last reset